000 00947nam a22002177a 4500
999 _c62513
_d62513
003 Ge_BSU
005 20241125101644.0
008 241125s2002 ge ||||| |||| 00| 0 geo d
020 _a9992889551
041 _ageo
080 _a657.6 მ-67
100 _aმილიჩემპი, ა.ჰ.
_923775
245 _aაუდიტი=Auditing /
_cა.ჰ. მილიჩემპი, მთარგმნ.: მარინა შაშვიაშვილი
250 _aმე-7 გამოც.
264 _aთბილისი :
_bასოციაცია "მეცნიერება და განათლება სიცოცხლისათვის",
_c 2002.
300 _a438გვ. ;
_b 28 სმ.
653 _aაუდიტი.
653 _aბუღალტერია
700 _aშაშვიაშვილი, მარინა
_eმთარგმნელი
_923776
942 _2udc
_cBK